000 00919cad a22001935a 4500
001 L152151
008 110203s2011 xxk f 000 0 eng d
035 _a(Sirsi) u152151
041 0 _aeng
110 2 _aUnited Kingdom
_bDepartment for Transport
_94866
245 0 0 _aRoad network policy consultation
_h[electronic resource]
260 _aLondon
_bDoT
_c2011
520 _aOutlines the proposed arrangement for devolving responsibility on the classification of local roads. Government wishes to devolve decision making to local authorities which will help them to better direct traffic. The consultation runs from 1 February to 1 May 2011.
590 _aKA
651 4 _aEngland and Wales
_y1543-
690 _aPROPERTY-INFRASTRUCTURE-TRANSPORT INFRASTRUCTURE
856 4 0 _uhttps://www.dft.gov.uk/consultations/open/2011-02/roadnetworkconsultation.pdf
_zView the item free of charge at www.dft.gov.uk
942 _n0
999 _c111895
_d111895